| 000 | 00703nam a2200193 a 4500 | ||
|---|---|---|---|
| 008 | 100722s2009 ||||||||||||||||| || u | ||
| 020 | _a9780132363440 | ||
| 050 | _aQA 276.12 Mac | ||
| 100 | _aMcClave, James T | ||
| 245 | 1 | 0 |
_aStatistics. -- 11th ed. _cJames T. McClave, Terry Sincich |
| 250 | _a11th ed. | ||
| 260 |
_aUpper Saddle River, NJ _bPearson _c2009 |
||
| 300 | _axxii, 835p.: ill. + CD-ROM | ||
| 350 | _a0.00 | ||
| 500 | _aAccompanied by CD-ROM | ||
| 650 | 3 | _aP0PULATION STATISTICS | |
| 700 | _aSincich, Terry | ||
| 995 |
_D0.00 _FCBU-MAIN LIBRARY (Kitwe) _H1 _I0.00 _M1 _UAVAILABLE _WAug 26, 2010 _ZMain Library Open Access Collection |
||
| 999 |
_c58337 _d58337 |
||